[Event "Mittelrhein Regionalliga 18/19"]
[Site "Nordrheinwestfalen"]
[Date "2019.05.05"]
[Round "10.4"]
[White "Weber, Peter"]
[Black "Albrecht, Oliver"]
[Result "0-1"]
[WhiteElo "2117"]
[BlackElo "2072"]
[PlyCount "50"]
[EventDate "2018.10.28"]
[EventType "team-tourn"]
[EventRounds "11"]
[EventCountry "GER"]
[SourceTitle "EXT 2022"]
[Source "ChessBase"]
[SourceDate "2021.10.06"]
[SourceVersion "1"]
[SourceVersionDate "2021.10.06"]
[SourceQuality "1"]
[WhiteTeam "Langenfeld"]
[BlackTeam "Bonn Beuel"]
[WhiteTeamCountry "GER"]
[BlackTeamCountry "GER"]

1. e4 c5 2. Nf3 d6 3. d4 cxd4 4. Nxd4 Nf6 5. Nc3 a6 6. Bc4 e6 7. Bb3 Nbd7 8. f4 Nc5 9. Qf3 Be7 10. Be3 0-0 11. 0-0-0 Qc7 12. g4 b5 13. e5 Bb7 14. exf6 Bxf3 15. fxe7 Qxe7 16. Nxf3 Nxb3+ 17. axb3 Rfc8 18. Rhf1 Rc7 19. Rd2 b4 20. Na4 d5 21. g5 Rac8 22. Nb6 Rb8 23. Bd4 Rc6 24. Na4 Rbc8 25. Re1 Qc7 0-1

[Event "Mittelrhein Verbandsliga-N 18/19"]
[Site "Nordrheinwestfalen"]
[Date "2018.09.02"]
[Round "1.4"]
[White "Maciag, David"]
[Black "Weber, Peter"]
[Result "1-0"]
[WhiteElo "1870"]
[BlackElo "1765"]
[PlyCount "101"]
[EventDate "2018.09.02"]
[EventType "team-tourn"]
[EventRounds "12"]
[EventCountry "GER"]
[SourceTitle "EXT 2022"]
[Source "ChessBase"]
[SourceDate "2021.10.06"]
[SourceVersion "1"]
[SourceVersionDate "2021.10.06"]
[SourceQuality "1"]
[WhiteTeam "Baumberg"]
[BlackTeam "Koeln Worringen"]
[WhiteTeamCountry "GER"]
[BlackTeamCountry "GER"]

1. d4 d5 2. Nf3 c6 3. g3 Nf6 4. Bg2 Bf5 5. 0-0 e6 6. c4 a6 7. b3 Nbd7 8. Bb2 h6 9. Nbd2 Be7 10. Re1 Ne4 11. Nxe4 Bxe4 12. Nd2 Bxg2 13. Kxg2 Nf6 14. e4 dxe4 15. Nxe4 Nxe4 16. Rxe4 Bf6 17. Ba3 Qa5 18. Bd6 Qf5 19. Qe2 0-0-0 20. Be5 Bxe5 21. Rxe5 Qf6 22. Rd1 Rd7 23. b4 Rhd8 24. Qe3 Qg6 25. Rd2 Qb1 26. Qc3 Rd6 27. a4 f6 28. Ree2 Qf5 29. b5 axb5 30. axb5 c5 31. dxc5 Rxd2 32. Rxd2 Rxd2 33. Qxd2 Qxc5 34. Qd3 Kc7 35. Qg6 Qf8 36. c5 Qxc5 37. Qxg7+ Kb6 38. Qxf6 Qd5+ 39. f3 Kxb5 40. Qxh6 Kc4 41. Qc1+ Kb3 42. h4 b5 43. g4 b4 44. Qb1+ Ka4 45. g5 b3 46. g6 Qd2+ 47. Kh3 Qc3 48. Qe4+ Ka3 49. Qa8+ Kb4 50. Qb7+ Ka5 51. g7 1-0

[Event "Mittelrhein Regionalliga 16/17"]
[Site "Nordrheinwestfalen"]
[Date "2017.02.19"]
[Round "8.1"]
[White "Weber, Peter"]
[Black "Schmidt, Martin"]
[Result "1/2-1/2"]
[WhiteElo "2138"]
[BlackElo "2157"]
[PlyCount "31"]
[EventDate "2016.09.11"]
[EventType "team-tourn"]
[EventRounds "11"]
[EventCountry "GER"]
[SourceTitle "EXT 2022"]
[Source "ChessBase"]
[SourceDate "2021.10.06"]
[SourceVersion "1"]
[SourceVersionDate "2021.10.06"]
[SourceQuality "1"]
[WhiteTeam "Langenfeld"]
[BlackTeam "Koeln SF II"]
[WhiteTeamCountry "GER"]
[BlackTeamCountry "GER"]

1. e4 e5 2. f4 exf4 3. Bc4 Qh4+ 4. Kf1 c6 5. Nf3 Qh6 6. Ne5 d5 7. exd5 Bd6 8. d4 Nf6 9. Qf3 Bxe5 10. dxe5 Nxd5 11. Nc3 Nxc3 12. bxc3 Be6 13. Bd3 Bd5 14. Qxf4 Qxf4+ 15. Bxf4 Nd7 16. Kf2 1/2-1/2

[Event "Mittelrhein Regionalliga 1314"]
[Site "Mittelrhein"]
[Date "2014.03.09"]
[Round "8.2"]
[White "Buscher, Michael"]
[Black "Weber, Peter"]
[Result "1-0"]
[WhiteElo "2278"]
[BlackElo "2157"]
[PlyCount "28"]
[EventDate "2013.09.15"]
[EventType "team-tourn"]
[EventRounds "11"]
[EventCountry "GER"]
[SourceTitle "EXT 2023"]
[Source "ChessBase"]
[SourceDate "2022.10.05"]
[SourceVersion "1"]
[SourceVersionDate "2022.10.05"]
[SourceQuality "1"]
[WhiteTeam "Aachen DJK Aufwaerts II"]
[BlackTeam "Langenfeld"]
[WhiteTeamCountry "GER"]
[BlackTeamCountry "GER"]

1. c4 c5 2. Nf3 Nf6 3. Nc3 e6 4. d4 d5 5. cxd5 exd5 6. g3 Nc6 7. Bg2 Be7 8. 0-0 0-0 9. h3 c4 10. Ne5 Be6 11. f4 Ne4 12. Nxc6 bxc6 13. Nxe4 dxe4 14. Bxe4 Bxh3 1-0

[Event "Mittelrhein Regionalliga 1314"]
[Site "Mittelrhein"]
[Date "2013.12.15"]
[Round "5.2"]
[White "Weber, Peter"]
[Black "Rotstein, Jefim"]
[Result "0-1"]
[WhiteElo "2157"]
[BlackElo "2262"]
[PlyCount "44"]
[EventDate "2013.09.15"]
[EventType "team-tourn"]
[EventRounds "11"]
[EventCountry "GER"]
[SourceTitle "EXT 2023"]
[Source "ChessBase"]
[SourceDate "2022.10.05"]
[SourceVersion "1"]
[SourceVersionDate "2022.10.05"]
[SourceQuality "1"]
[WhiteTeam "Langenfeld"]
[BlackTeam "Koeln Ford SF"]
[WhiteTeamCountry "GER"]
[BlackTeamCountry "GER"]

1. e4 c5 2. Nf3 Nc6 3. d4 cxd4 4. Nxd4 Qb6 5. Nb3 Nf6 6. Nc3 e6 7. a3 a6 8. g3 d6 9. Bg2 Be7 10. 0-0 0-0 11. Be3 Qc7 12. f4 Bd7 13. g4 b5 14. g5 Ne8 15. Qh5 g6 16. Qh6 f6 17. f5 Ne5 18. Bh3 gxf5 19. g6 hxg6 20. exf5 gxf5 21. Rf4 Rf7 22. Rh4 Nf3+ 0-1

[Event "OP-2013-0-03126"]
[Site "LSS email"]
[Date "2013.11.20"]
[Round "?"]
[White "Herzog, Klaus"]
[Black "Weber, Peter"]
[Result "1-0"]
[WhiteElo "1787"]
[BlackElo "1434"]
[PlyCount "57"]
[EventDate "2013.11.16"]
[EventType "tourn (corr)"]
[EventRounds "4"]
[EventCountry "GER"]
[SourceTitle "Telechess CBM 163"]
[Source "ChessBase"]
[SourceDate "2014.11.11"]
[SourceVersion "2"]
[SourceVersionDate "2014.11.11"]
[SourceQuality "1"]

1. d4 Nf6 2. c4 e6 3. Nc3 Bb4 4. f3 d5 5. a3 Bxc3+ 6. bxc3 c5 7. cxd5 exd5 8. e3 Qc7 9. Ne2 0-0 10. Ng3 h5 11. Kf2 Re8 12. Bd3 Nc6 13. dxc5 Ne5 14. Bc2 Qxc5 15. Qd4 Qe7 16. Rb1 b6 17. Rd1 Bd7 18. Nf5 Bxf5 19. Bxf5 Rad8 20. Kg1 Nc4 21. Re1 Nd7 22. Rb5 Nde5 23. Bc2 Nxa3 24. Bxa3 Qxa3 25. Bb3 Nc4 26. Bxc4 dxc4 27. Qxc4 Rc8 28. Rb3 Qa2 29. Qb5 1-0

[Event "OP-2013-0-03126"]
[Site "LSS email"]
[Date "2013.11.20"]
[Round "?"]
[White "Tavenrath, Rainer"]
[Black "Weber, Peter"]
[Result "0-1"]
[WhiteElo "785"]
[BlackElo "1434"]
[PlyCount "30"]
[EventDate "2013.11.16"]
[EventType "tourn (corr)"]
[EventRounds "4"]
[EventCountry "GER"]
[SourceTitle "Corr 2015"]
[Source "ChessBase"]
[SourceDate "2015.07.17"]
[SourceVersion "1"]
[SourceVersionDate "2015.07.17"]
[SourceQuality "1"]

1. d4 Nf6 2. c4 e6 3. Nc3 Bb4 4. a3 Bxc3+ 5. bxc3 c5 6. f3 Nc6 7. e4 d6 8. dxc5 dxc5 9. Qxd8+ Kxd8 10. Bd3 Ke7 11. Bg5 h6 12. Bxf6+ Kxf6 13. f4 e5 14. Nh3 Bxh3 15. gxh3 exf4 0-1

[Event "ZI-2013-0-01718"]
[Site "LSS email"]
[Date "2013.11.07"]
[Round "?"]
[White "Weber, Peter"]
[Black "Kerecsenyi, Zoltan"]
[Result "1-0"]
[WhiteElo "1434"]
[BlackElo "1594"]
[PlyCount "33"]
[EventDate "2013.11.03"]
[EventType "match (corr)"]
[EventRounds "2"]
[EventCountry "GER"]
[SourceTitle "Corr 2015"]
[Source "ChessBase"]
[SourceDate "2015.07.17"]
[SourceVersion "1"]
[SourceVersionDate "2015.07.17"]
[SourceQuality "1"]

1. e4 d5 2. exd5 Nf6 3. Nf3 Nxd5 4. d4 g6 5. c4 Nb6 6. Nc3 Bg7 7. c5 N6d7 8. Bc4 0-0 9. 0-0 e6 10. Bg5 Nf6 11. Qc1 c6 12. Ne4 Nbd7 13. Qf4 b5 14. Bb3 a5 15. Ne5 Nh5 16. Qe3 Qe8 17. Nd6 1-0

[Event "SD-2013-0-00178"]
[Site "LSS email"]
[Date "2013.10.14"]
[Round "?"]
[White "Jordaan, Wayne"]
[Black "Weber, Peter"]
[Result "0-1"]
[WhiteElo "1504"]
[BlackElo "1836"]
[PlyCount "118"]
[EventDate "2013.08.25"]
[EventType "tourn (corr)"]
[EventRounds "6"]
[EventCountry "GER"]
[SourceTitle "Corr 2022"]
[Source "ChessBase"]
[SourceDate "2021.10.24"]
[SourceVersion "1"]
[SourceVersionDate "2021.10.24"]
[SourceQuality "1"]

1. d4 Nf6 2. c4 e6 3. Nc3 Bb4 4. Qc2 0-0 5. e3 b6 6. Nf3 Bb7 7. Bd3 c5 8. dxc5 bxc5 9. 0-0 Bxf3 10. gxf3 Bxc3 11. Qxc3 Nc6 12. Kh1 a5 13. Bd2 Qe7 14. Rg1 g6 15. Be2 Rfb8 16. Qa3 a4 17. Bc3 e5 18. Rgd1 d6 19. Rd2 Ra6 20. Rad1 Nb4 21. Rg1 Qe6 22. Rg5 Nh5 23. Rg4 Ng7 24. Rg1 Nf5 25. Rg2 h5 26. Rg1 Nh4 27. e4 Nc6 28. Rd5 Kh7 29. Bd1 Rab6 30. Qxa4 Nb4 31. Rg3 Ra6 32. Qb3 Rxa2 33. Bxb4 Ra1 34. Qd3 Rxb4 35. b3 Rb6 36. Rg1 Qf6 37. Qe2 Rba6 38. Rd2 R6a3 39. Qe3 Rb1 40. Rd3 Ra2 41. Re1 Rbb2 42. Re2 Rxe2 43. Bxe2 Qe6 44. f4 exf4 45. Qxf4 Rxe2 46. Qxh4 Rxe4 47. Qh3 Qe5 48. Kg2 Rg4+ 49. Rg3 Rf4 50. Re3 Qa1 51. f3 Rd4 52. Re2 Kg7 53. Qg3 Qc3 54. f4 Rd3 55. Qe1 Qxb3 56. Qc1 Rd4 57. Rf2 Qxc4 58. Qxc4 Rxc4 59. Rd2 Rd4 0-1

[Event "SD-2013-0-00178"]
[Site "LSS email"]
[Date "2013.10.14"]
[Round "?"]
[White "Weber, Peter"]
[Black "Rivas, Jesus"]
[Result "1-0"]
[WhiteElo "1836"]
[BlackElo "1527"]
[PlyCount "43"]
[EventDate "2013.08.25"]
[EventType "tourn (corr)"]
[EventRounds "6"]
[EventCountry "GER"]
[SourceTitle "Corr 2022"]
[Source "ChessBase"]
[SourceDate "2021.10.24"]
[SourceVersion "1"]
[SourceVersionDate "2021.10.24"]
[SourceQuality "1"]

1. e4 d5 2. exd5 Qxd5 3. Nf3 Nf6 4. Be2 Bg4 5. 0-0 e6 6. h3 Bh5 7. d4 Be7 8. c4 Qd8 9. Qb3 Qc8 10. Nc3 c6 11. Bf4 Nbd7 12. Rad1 0-0 13. Rfe1 Re8 14. g4 Bg6 15. Nh4 Nf8 16. Bg3 N6d7 17. Nxg6 Nxg6 18. Ne4 e5 19. dxe5 Ndxe5 20. c5 Qe6 21. f4 Qxb3 22. axb3 1-0

[Event "CP-2013-P-00046"]
[Site "LSS email"]
[Date "2013.09.30"]
[Round "?"]
[White "Keevil, Paul"]
[Black "Weber, Peter"]
[Result "1-0"]
[WhiteElo "2083"]
[BlackElo "1436"]
[PlyCount "40"]
[EventDate "2013.10.01"]
[EventType "tourn (corr)"]
[EventRounds "6"]
[EventCountry "GER"]
[SourceTitle "Corr 2015"]
[Source "ChessBase"]
[SourceDate "2015.07.17"]
[SourceVersion "1"]
[SourceVersionDate "2015.07.17"]
[SourceQuality "1"]

1. e4 c5 2. Nf3 d6 3. d4 cxd4 4. Nxd4 Nf6 5. Nc3 a6 6. Be3 e5 7. Nb3 Be6 8. Be2 Be7 9. 0-0 Nbd7 10. f4 exf4 11. Rxf4 0-0 12. Qd2 Rc8 13. Rd1 Ne5 14. Nd4 Qc7 15. a3 Qd7 16. Nf5 Bxf5 17. exf5 Rfe8 18. Bf2 h6 19. h3 Qc6 20. Bf1 b5 1-0

[Event "CP-2013-P-00046"]
[Site "LSS email"]
[Date "2013.09.30"]
[Round "?"]
[White "Svrsek, Radomir Jr"]
[Black "Weber, Peter"]
[Result "1-0"]
[WhiteElo "1896"]
[BlackElo "1436"]
[PlyCount "88"]
[EventDate "2013.10.01"]
[EventType "tourn (corr)"]
[EventRounds "6"]
[EventCountry "GER"]
[SourceTitle "Corr 2015"]
[Source "ChessBase"]
[SourceDate "2015.07.17"]
[SourceVersion "1"]
[SourceVersionDate "2015.07.17"]
[SourceQuality "1"]

1. e4 c5 2. Nf3 d6 3. d4 cxd4 4. Nxd4 Nf6 5. Nc3 a6 6. Be2 e5 7. Nf3 h6 8. 0-0 Be6 9. h3 Be7 10. Re1 0-0 11. Be3 Nbd7 12. a4 Rc8 13. Nd2 Qa5 14. Nb3 Qc7 15. a5 Rfe8 16. Bf3 Nf8 17. Nc1 Ng6 18. Qe2 Qd7 19. Rd1 Rc4 20. g3 Rec8 21. h4 d5 22. h5 Nf8 23. exd5 Bf5 24. d6 Bxd6 25. Qd2 R4c6 26. Nb3 Bg4 27. Qe2 Qf5 28. Bxg4 Nxg4 29. Ra4 Nxe3 30. fxe3 Nh7 31. Rf1 Qd7 32. Qg4 Qd8 33. Qf5 Nf6 34. Rd1 Qc7 35. Kg2 Rd8 36. e4 Qe7 37. Kh3 Qe8 38. Raa1 Nh7 39. Kg2 Bb4 40. Rxd8 Qxd8 41. Qxe5 Ng5 42. Re1 Rf6 43. Nd4 Rd6 44. Nde2 Rd2 1-0

[Event "CP-2013-P-00046"]
[Site "LSS email"]
[Date "2013.09.30"]
[Round "?"]
[White "Weber, Peter"]
[Black "Micu, Sorin"]
[Result "0-1"]
[WhiteElo "1436"]
[BlackElo "1117"]
[PlyCount "47"]
[EventDate "2013.10.01"]
[EventType "tourn (corr)"]
[EventRounds "6"]
[EventCountry "GER"]
[SourceTitle "Corr 2015"]
[Source "ChessBase"]
[SourceDate "2015.07.17"]
[SourceVersion "1"]
[SourceVersionDate "2015.07.17"]
[SourceQuality "1"]

1. e4 c6 2. d4 d5 3. e5 Bf5 4. Nf3 e6 5. Be2 Nd7 6. 0-0 Ne7 7. Nbd2 h6 8. Nb3 Bh7 9. Bd2 Nf5 10. Rc1 c5 11. c4 dxc4 12. Bxc4 Rc8 13. d5 exd5 14. Bxd5 Qc7 15. e6 fxe6 16. Bxe6 Rd8 17. Bxf5 Bxf5 18. Re1+ Be7 19. Nh4 Bd3 20. Bc3 Nf6 21. Bxf6 gxf6 22. Nxc5 Bc4 23. Qg4 Rg8 24. Qxc4 0-1

[Event "RE-2013-0-00119"]
[Site "LSS email"]
[Date "2013.08.11"]
[Round "?"]
[White "Weber, Peter"]
[Black "Henke, Simon"]
[Result "1/2-1/2"]
[WhiteElo "1434"]
[BlackElo "1411"]
[PlyCount "63"]
[EventDate "2013.06.23"]
[EventType "tourn (corr)"]
[EventRounds "6"]
[EventCountry "GER"]
[SourceTitle "Telechess CBM 163"]
[Source "ChessBase"]
[SourceDate "2014.11.11"]
[SourceVersion "2"]
[SourceVersionDate "2014.11.11"]
[SourceQuality "1"]

1. e4 e6 2. d4 d5 3. Nc3 dxe4 4. Nxe4 Nd7 5. Nf3 Ngf6 6. Nxf6+ Nxf6 7. Bd3 c5 8. Be3 Qc7 9. Qe2 Bd7 10. 0-0 Bd6 11. dxc5 Bxc5 12. Rad1 0-0 13. Rd2 Bc6 14. Bxc5 Bxf3 15. Qxf3 Qxc5 16. Rfd1 Qb6 17. g4 Rad8 18. g5 Nd7 19. Qg3 g6 20. b4 Nb8 21. c3 Nc6 22. a4 Ne7 23. Be4 Rxd2 24. Rxd2 Nd5 25. Bxd5 exd5 26. Qf3 Qc6 27. b5 Qc4 28. Rd4 Qb3 29. Rf4 a6 30. bxa6 bxa6 31. h4 a5 32. Kg2 1/2-1/2

[Event "RE-2013-0-00119"]
[Site "LSS email"]
[Date "2013.08.07"]
[Round "?"]
[White "Weber, Peter"]
[Black "Miklaszewski, Sylvain"]
[Result "1-0"]
[WhiteElo "1434"]
[BlackElo "1335"]
[PlyCount "89"]
[EventDate "2013.06.23"]
[EventType "tourn (corr)"]
[EventRounds "6"]
[EventCountry "GER"]
[SourceTitle "Telechess CBM 163"]
[Source "ChessBase"]
[SourceDate "2014.11.11"]
[SourceVersion "2"]
[SourceVersionDate "2014.11.11"]
[SourceQuality "1"]

1. e4 e5 2. Nf3 Nc6 3. Bb5 a6 4. Ba4 Nf6 5. 0-0 Bd6 6. c3 b5 7. Bc2 0-0 8. d4 Bb7 9. Nbd2 Re8 10. Re1 h6 11. h3 Rb8 12. a4 exd4 13. cxd4 Bb4 14. Bb1 Na5 15. e5 Nh7 16. Be4 d5 17. Bb1 Nf8 18. axb5 axb5 19. Rf1 Ra8 20. Ne1 c5 21. Nd3 Bxd2 22. Bxd2 cxd4 23. Nc5 Qe7 24. Rxa5 Qxc5 25. b4 Qc7 26. f4 Rac8 27. Qf3 Qb6 28. Qg3 Nd7 29. Bd3 Bc6 30. f5 f6 31. e6 Ne5 32. Bxh6 Re7 33. Bg5 fxg5 34. Qxe5 Qb8 35. Qxd4 Rf8 36. Ra6 Bb7 37. Ra7 Qd6 38. Qc5 Qxc5+ 39. bxc5 Rc8 40. Bxb5 Rxc5 41. Bd7 Bc6 42. Rc7 d4 43. Rc8+ Kh7 44. Rxc6 Rd5 45. g4 1-0

[Event "RE-2013-0-00119"]
[Site "LSS email"]
[Date "2013.08.04"]
[Round "?"]
[White "Weber, Peter"]
[Black "Bieszk, Stanislaw"]
[Result "1-0"]
[WhiteElo "1434"]
[BlackElo "923"]
[PlyCount "59"]
[EventDate "2013.06.23"]
[EventType "tourn (corr)"]
[EventRounds "6"]
[EventCountry "GER"]
[SourceTitle "Telechess CBM 163"]
[Source "ChessBase"]
[SourceDate "2014.11.11"]
[SourceVersion "2"]
[SourceVersionDate "2014.11.11"]
[SourceQuality "1"]

1. e4 d6 2. d4 Nf6 3. Nc3 g6 4. f4 Bg7 5. Nf3 0-0 6. Bd3 Na6 7. 0-0 c5 8. d5 Bg4 9. Bc4 Nc7 10. h3 Bxf3 11. Qxf3 Rb8 12. a4 a6 13. a5 e6 14. dxe6 fxe6 15. Be3 Nd7 16. Rad1 b5 17. axb6 Nxb6 18. Ba2 Qe7 19. f5 Kh8 20. Qg3 Be5 21. Bg5 Qg7 22. Bf4 gxf5 23. Qxg7+ Kxg7 24. Rxd6 Bxf4 25. Rxf4 fxe4 26. Rg4+ Kf7 27. Nxe4 Nbd5 28. Rd7+ Ke8 29. Rgg7 Rxb2 30. Nd6# 1-0

[Event "RN-2013-0-00658"]
[Site "LSS email"]
[Date "2013.06.22"]
[Round "?"]
[White "Weber, Peter"]
[Black "Bester, Kazimierz"]
[Result "1-0"]
[WhiteElo "1430"]
[BlackElo "817"]
[PlyCount "28"]
[EventDate "2013.06.11"]
[EventType "tourn (corr)"]
[EventRounds "6"]
[EventCountry "GER"]
[SourceTitle "Corr 2015"]
[Source "ChessBase"]
[SourceDate "2015.07.17"]
[SourceVersion "1"]
[SourceVersionDate "2015.07.17"]
[SourceQuality "1"]

1. e4 d5 2. exd5 Qxd5 3. Nc3 Qa5 4. d4 Nf6 5. Nf3 Bg4 6. h3 Bxf3 7. Qxf3 Nc6 8. Bb5 Qb6 9. d5 0-0-0 10. dxc6 bxc6 11. Be3 Qa5 12. Qxc6 Kb8 13. Ba6 Qb4 14. a3 Qxb2 1-0

[Event "NRW Class1 1213"]
[Site "Germany"]
[Date "2013.03.10"]
[Round "7.1"]
[White "Weber, Peter"]
[Black "De Jong, Jan Willem"]
[Result "0-1"]
[WhiteElo "2189"]
[BlackElo "2420"]
[PlyCount "68"]
[EventDate "2012.09.16"]
[EventType "team-tourn"]
[EventRounds "9"]
[EventCountry "GER"]
[SourceTitle "EXT 2017"]
[Source "ChessBase"]
[SourceDate "2016.10.25"]
[SourceVersion "1"]
[SourceVersionDate "2016.10.25"]
[SourceQuality "1"]
[WhiteTeam "Langenfeld"]
[BlackTeam "Castrop Rauxel"]
[WhiteTeamCountry "GER"]
[BlackTeamCountry "GER"]

1. e4 e5 2. Nf3 Nc6 3. Bb5 a6 4. Ba4 Nf6 5. 0-0 Be7 6. Re1 b5 7. Bb3 d6 8. c3 0-0 9. d4 Bg4 10. Be3 exd4 11. cxd4 Na5 12. Bc2 c5 13. dxc5 dxc5 14. Nbd2 Nc6 15. Rc1 Nb4 16. Bb1 c4 17. h3 Bh5 18. g4 Bg6 19. Ne5 Bd6 20. Nxg6 hxg6 21. Nf3 Re8 22. Bg5 Qc7 23. a3 Nc6 24. Rc3 Ne5 25. Nxe5 Bxe5 26. Bxf6 Bxf6 27. Rc2 Qf4 28. Qe2 Rad8 29. Qe3 Qxe3 30. fxe3 Rxe4 31. Rce2 Re6 32. Kg2 Red6 33. Be4 Rd2 34. Bb7 Bh4 0-1

[Event "OP-2013-0-02577"]
[Site "LSS email"]
[Date "2013.01.07"]
[Round "?"]
[White "Potemri, Stefan"]
[Black "Weber, Peter"]
[Result "0-1"]
[WhiteElo "1638"]
[BlackElo "1430"]
[PlyCount "86"]
[EventDate "2013.01.03"]
[EventType "tourn (corr)"]
[EventRounds "4"]
[EventCountry "GER"]
[SourceTitle "Telechess CBM 161"]
[Source "ChessBase"]
[SourceDate "2014.07.16"]
[SourceVersion "1"]
[SourceVersionDate "2014.07.16"]
[SourceQuality "1"]

1. e4 c5 2. Nf3 d6 3. d4 cxd4 4. Nxd4 Nf6 5. Nc3 a6 6. Bc4 e6 7. 0-0 b5 8. Bb3 Be7 9. Bg5 0-0 10. Qe1 Qc7 11. Rd1 Bd7 12. a3 Nc6 13. Nxc6 Bxc6 14. f3 a5 15. Ne2 d5 16. exd5 Bxd5 17. Nd4 Rfd8 18. Rf2 Bxb3 19. cxb3 Bc5 20. Be3 Nd5 21. Bg5 Nf4 22. Qe4 e5 23. Bxf4 exf4 24. Rc2 Rxd4 25. Rxd4 Bxd4+ 26. Kf1 Qa7 27. Rc7 Qb8 28. Qd5 Kh8 29. Rb7 Qe5 30. Qxe5 Bxe5 31. Rxb5 Bxb2 32. a4 Bc3 33. Rf5 Kg8 34. Rxf4 g6 35. Rc4 Bb4 36. Ke2 Re8+ 37. Kd3 Kg7 38. Re4 Rxe4 39. Kxe4 Kf6 40. Kd5 Kf5 41. Kd4 Kf4 42. Kd3 h5 43. Ke2 h4 0-1

[Event "NRW Class1 1213"]
[Site "Germany"]
[Date "2012.12.16"]
[Round "4.1"]
[White "Weber, Peter"]
[Black "Malcher, Werner"]
[Result "0-1"]
[WhiteElo "2189"]
[BlackElo "2329"]
[PlyCount "38"]
[EventDate "2012.09.16"]
[EventType "team-tourn"]
[EventRounds "9"]
[EventCountry "GER"]
[SourceTitle "EXT 2017"]
[Source "ChessBase"]
[SourceDate "2016.10.25"]
[SourceVersion "1"]
[SourceVersionDate "2016.10.25"]
[SourceQuality "1"]
[WhiteTeam "Langenfeld"]
[BlackTeam "Bielefeld"]
[WhiteTeamCountry "GER"]
[BlackTeamCountry "GER"]

1. e4 c5 2. Nf3 d6 3. d4 cxd4 4. Nxd4 Nf6 5. Nc3 Nc6 6. Bc4 e6 7. Bb3 Be7 8. Be3 0-0 9. f4 Nxd4 10. Qxd4 Ng4 11. Bg1 e5 12. fxe5 Bh4+ 13. g3 Nxe5 14. Qf2 Bg5 15. h4 Bh6 16. Bh2 Kh8 17. 0-0 Bh3 18. Rfd1 Ng4 19. Qe2 Qb6+ 0-1

[Event "NRW Class1 1112"]
[Site "Germany"]
[Date "2012.03.25"]
[Round "8.1"]
[White "Weber, Peter"]
[Black "Rezasade, Amir"]
[Result "0-1"]
[WhiteElo "2193"]
[BlackElo "2313"]
[PlyCount "82"]
[EventDate "2011.09.18"]
[EventType "team-tourn"]
[EventRounds "9"]
[EventCountry "GER"]
[SourceTitle "EXT 2015"]
[Source "ChessBase"]
[SourceDate "2014.11.20"]
[SourceVersion "1"]
[SourceVersionDate "2014.11.20"]
[SourceQuality "1"]
[WhiteTeam "Langenfeld"]
[BlackTeam "Muelheim Nord II"]
[WhiteTeamCountry "GER"]
[BlackTeamCountry "GER"]

1. e4 c5 2. Nf3 d6 3. d4 cxd4 4. Nxd4 Nf6 5. Nc3 Nc6 6. Bc4 Qb6 7. Nde2 e6 8. 0-0 Be7 9. Bb3 0-0 10. Bg5 Na5 11. Ng3 Qc5 12. Be3 Qc7 13. Nb5 Qb8 14. f4 a6 15. Nd4 Nxb3 16. axb3 Rd8 17. f5 e5 18. Nde2 d5 19. Bb6 Rd7 20. Nc3 Qd6 21. Na4 Qc6 22. Qe2 Nxe4 23. Nxe4 dxe4 24. Rae1 Bh4 25. Bf2 Bxf2+ 26. Qxf2 Rd6 27. Nc5 b6 28. Nxe4 Rd4 29. Nd2 f6 30. Nc4 Bb7 31. Ne3 Rad8 32. Rd1 b5 33. Rxd4 Rxd4 34. Rd1 Qe4 35. Rxd4 Qxd4 36. c3 Qd3 37. Nf1 Qd5 38. b4 Qe4 39. Qd2 h5 40. Ng3 Qb1+ 41. Kf2 h4 0-1

[Event "NRW Class1 1112"]
[Site "Germany"]
[Date "2011.12.04"]
[Round "4.1"]
[White "Weber, Peter"]
[Black "Tripolsky, Eugene"]
[Result "1-0"]
[WhiteElo "2193"]
[BlackElo "2213"]
[PlyCount "129"]
[EventDate "2011.09.18"]
[EventType "team-tourn"]
[EventRounds "9"]
[EventCountry "GER"]
[SourceTitle "EXT 2015"]
[Source "ChessBase"]
[SourceDate "2014.11.20"]
[SourceVersion "1"]
[SourceVersionDate "2014.11.20"]
[SourceQuality "1"]
[WhiteTeam "Langenfeld"]
[BlackTeam "Ennepe Ruhr Sued"]
[WhiteTeamCountry "GER"]
[BlackTeamCountry "GER"]

1. e4 d6 2. d4 Nf6 3. Nc3 g6 4. f4 Bg7 5. Nf3 0-0 6. Bd3 Nh5 7. Be3 Nc6 8. d5 Nb4 9. Be2 e5 10. fxe5 dxe5 11. Bc5 a5 12. a3 Na6 13. Bxf8 Qxf8 14. 0-0 Nf4 15. Kh1 h6 16. Ne1 Nc5 17. Nd3 Ncxd3 18. Bxd3 Qe7 19. Qd2 Bd7 20. Bb5 Bg4 21. Qf2 Rf8 22. Rae1 Qd6 23. Nd1 Bc8 24. Bd3 f5 25. Qd2 b6 26. Ne3 Qc5 27. exf5 gxf5 28. Bxf5 Rxf5 29. Nxf5 Bxf5 30. g3 Be6 31. Rxf4 Bxd5+ 32. Rfe4 Qb5 33. Qd3 Bxe4+ 34. Rxe4 Qxb2 35. Qb3+ Qxb3 36. cxb3 Kf7 37. Kg2 Ke6 38. Kf3 Kd5 39. Rc4 c6 40. Ke3 b5 41. Rg4 Bf8 42. a4 bxa4 43. Rxa4 Bc5+ 44. Ke2 Bb4 45. Ra1 Bc3 46. Rc1 Bd4 47. Rf1 Kc5 48. Rc1+ Kd5 49. g4 c5 50. h4 e4 51. Rf1 e3 52. Kd3 Ke6 53. Rf5 Kd6 54. Rh5 Bg7 55. Kxe3 Kc6 56. Kd3 Kb5 57. Rf5 Kb4 58. Kc2 Bd4 59. Rf4 Kb5 60. Rxd4 cxd4 61. g5 hxg5 62. hxg5 Kb4 63. g6 d3+ 64. Kxd3 Kxb3 65. g7 1-0